000 00224nam a22001097a 4500
003 OSt
008 241231b |||||||| |||| 00| 0 eng d
041 _aeng
100 _aNewyork, RP
_96657
245 _aTelevision
942 _cBK
999 _c18797
_d18797